000 00486nam a2200169Ia 4500
999 _c35296
_d35296
003 OSt
005 20201215093712.0
008 190216s9999||||xx |||||||||||||| ||und||
040 _coclc
082 _a882.01
_bPET/T
100 _aPeterson, Roger Tory
_97473
245 0 _aThe Birds /
_cRoger Tory Peterson
260 _bTime Life International,
_c1972.
_aNederland:
300 _a188p
650 _aThe Birds
942 _cREF
_2ddc
_h882.01
_iPET/T
_k882.01
_mPET/T